000
00297nam a22001097a 4500
008
160614b xxu||||| |||| 00| 0 eng d
020
_a
039752059X
041
_a
eng
080
_a
618.2
245
_a
Health care administration: A managerial perspective:
_c
Samuel Levey; Paul Loomba;
942
_2
udc
_c
BK
999
_c
2504
_d
2504